000 00601nam a22002057a 4500
003 OSt
005 20140310182755.0
008 130205t xxu||||| |||| 00| 0 eng d
020 _a0030200520
050 _aQC 23.2
_b.K59 1998
082 _aM 530.21
_bK63 1998
_23rd ed.
245 _aPhysics :
_ba world view
_cKirkpatrick, Larry D.; Wheeler, Gerald F.
260 _aUnited States :
_bSaunders College Publishing,
_cc1998.
300 _axxix, 668 p.
_bill. : col. ;
_c25 cm.
521 _aCollege Students
526 _c1210L-1700L
541 _j1
562 _e1
942 _2lcc
_cBK
_kM
999 _c15836
_d15836